Statistics for All around the coast of the world!

Click here to take the quiz!

General Stats

  • This quiz has been taken 44 times
  • The average score is 130 of 157

Answer Stats

Country of Territory % Correct
Chile
100%
Peru
100%
Ecuador
100%
Colombia
100%
Panama
100%
Costa Rica
100%
Nicaragua
100%
Honduras
100%
El Salvador
100%
Guatemala
100%
Mexico
100%
Canada
97%
The United States
97%
The United States (Point Roberts)
94%
Canada
94%
The United States (Alaska)
91%
Russia
91%
Djibouti
88%
Yemen
88%
Saudi Arabia
88%
Jordan
88%
Israel
88%
Egypt
88%
Sudan
88%
Eritrea
88%
Cameroon
88%
Somalia
88%
Kenya
88%
Tanzania
88%
Mozambique
88%
South Africa
88%
Namibia
88%
Angola
88%
D.R. Congo
88%
United Arab Emirates
88%
Oman
88%
Oman (Musandum)
88%
North Korea
88%
Myanmar
88%
South Korea
88%
North Korea
88%
United Arab Emirates
88%
China
88%
Vietnam
88%
Cambodia
88%
Thailand
88%
Thailand
88%
Malaysia
88%
Bangladesh
88%
India
88%
Pakistan
88%
Iran
88%
Iraq
88%
Kuwait
88%
Saudi Arabia
88%
Qatar
88%
Saudi Arabia
88%
Egypt
84%
Morocco
84%
Spain (Melilla)
84%
Morocco
84%
Algeria
84%
Tunisia
84%
Libya
84%
Spain (Ceuta)
84%
Israel
84%
Lebanon
84%
Syria
84%
Turkey
84%
Georgia
84%
Russia
84%
Ukraine
84%
Russia (Crimea)
84%
Morocco
84%
Spain (Peñón de Vélez de la Gomera)
84%
Morocco
84%
Western Sahara
84%
Angola (Cabinda)
84%
Congo
84%
Gabon
84%
Equatorial Guinea
84%
Nigeria
84%
Benin
84%
Ghana
84%
Togo
84%
Côte D'Ivoire
84%
Senegal
84%
Mauritania
84%
Liberia
84%
Gambia
84%
Senegal
84%
Guinea-Bissau
84%
Guinea
84%
Sierra Leone
84%
Bosnia and Herzegovina
81%
Spain
81%
France
81%
Monaco
81%
France
81%
Italy
81%
Slovenia
81%
Croatia
81%
Greece
81%
Montenegro
81%
Albania
81%
Bulgaria
81%
Romania
81%
Ukraine
81%
Russia (Crimea)
81%
Ukraine (Arabat Spit)
81%
Turkey
78%
Croatia (Dubrovnik)
78%
Panama
75%
Mexico
75%
Belize
75%
Guatemala
75%
Honduras
75%
Nicaragua
75%
Costa Rica
75%
Suriname
75%
Colombia
75%
Venezuela
75%
Guyana
75%
Uruguay
75%
France (French Guyana)
75%
Brazil
75%
Canada
75%
The United States
75%
Spain
75%
Argentina
75%
Palestine (Gaza Strip)
75%
Portugal
75%
France
75%
Germany
72%
United Kingdom (Gibraltar)
72%
Spain
72%
Belgium
72%
Netherlands (Zeelandic Flanders)
72%
Belgium (Antwerp)
72%
Netherlands
72%
Germany
72%
Denmark
72%
Lithuania (Curonian Spit)
72%
Russia (Kaliningrad)
72%
Russia (Vistula Spit)
72%
Poland
72%
Russia (Kaliningrad)
72%
The United States (Alaska)
72%
Russia
72%
Norway
72%
Sweden
72%
Finland
72%
Russia
72%
Estonia
72%
Latvia
72%
Lithuania
72%
Poland
72%

Score Distribution

Percentile by Number Answered

Percent of People with Each Score

Your Score History

You have not taken this quiz